| 000 | 00613nam a2200205Ia 4500 | ||
|---|---|---|---|
| 005 | 20250508151652.0 | ||
| 008 | 008 250505s9999 xx 000 0 eng d | ||
| 037 | _aTextual | ||
| 040 |
_aFEDL _beng _cFEDL |
||
| 041 |
_aeng _2eng |
||
| 084 |
_a157.9, DOL _qFEDL |
||
| 100 | _aDollard John | ||
| 245 | 0 | _aSteps in psychotherapy : Study of a case of sex-fear conflict | |
| 260 |
_aNew York, USA _bThe Macmillan Company |
||
| 300 | _aix,222p. | ||
| 650 | _aAbnormal Psychology | ||
| 700 |
_a Auld Frank White Alice Marsden _9759715 |
||
| 942 |
_cTEXL _h157.9, DOL |
||
| 999 |
_c1331282 _d1331282 |
||